000
00232nam a2200121Ia 4500
100
_a
CARL NORDEN
942
_c
BK
245
_a
CELFIC & ANGLO SAXON PAINTING
260
_b
#N/A
300
_a
126
546
_a
ENGLISH
999
_c
23171
_d
23171